01197nam a2200193Ia 4500001001100000003001000011008004100021040002500062041001300087100004400100245008700144250001100231260008900242300001200331500026000343501011400603520026000717650002600977L871-37967IT-CnALBA170116s9999||||xx |||||||||||||| ||und|| aIT-CnALBAcIT-CnALBA aITALIANO aFEDRO, POETA SCHIAVO LIBERTO DI AUGUSTO 0aFEDRO. LE FAVOLE. LIBRO PRIMO SECONDO TERZO QUARTO E QUINTO. APPENDICE PEROTTINA.  a1a ed. a BOLOGNAbZANICHELLI NICOLA, EDITORE c1968 [1° Ed.:1968 - Ed.Ling.Originale: 1968] a365 p.  aTRADUZIONE IN VERSI DI ROSSI E. NOTE. TESTO LATINO CON TRADUZIONE ITALIANA A FRONTE. LE RANE E LA RICHIESTA DI UN RE. LA VACCA. LA CAPRA. LA PECORA IL LEONE. IL LUPO E LA GRU. IL CERVO ALLA FONTE. IL CANE FEDELE. PROLOGO. AUTORE FEDRO AD EUTICO. IL POETA. aSocietà San Paolo EM - Piazza San Paolo, 14 - 12051 ALBA (CN) (non commercial uses only) ® Copyright 2017 aTRADUZIONE IN VERSI DI ROSSI E. NOTE. TESTO LATINO CON TRADUZIONE ITALIANA A FRONTE. LE RANE E LA RICHIESTA DI UN RE. LA VACCA. LA CAPRA. LA PECORA IL LEONE. IL LUPO E LA GRU. IL CERVO ALLA FONTE. IL CANE FEDELE. PROLOGO. AUTORE FEDRO AD EUTICO. IL POETA. aPROSE E POESIA LATINA